Advertising society and consumer culture / (Record no. 75318)

MARC details
000 -LEADER
fixed length control field 00665nam a22002057a 4500
005 - DATE AND TIME OF LATEST TRANSACTION
control field 20130510160529.0
010 ## - LCCN (DPL NO)
LC control number ENG-107020
020 ## - INTERNATIONAL STANDARD BOOK NUMBER
International Standard Book Number 9788184050677
Terms of availability 700.00
035 ## - SYSTEM CONTROL NUMBER
System control number EN-90553
037 ## - SOURCE OF ACQUISITION
Source of stock number/acquisition DBAD/PUB
082 ## - DEWEY DECIMAL CLASSIFICATION NUMBER
Classification number 306.3
100 ## - MAIN ENTRY--PERSONAL NAME
Personal name Hovland, Roxanne
245 10 - TITLE STATEMENT
Title Advertising society and consumer culture /
Statement of responsibility, etc by Roxanne Hovland [and] Joyce M. Wolburg
260 ## - PUBLICATION, DISTRIBUTION, ETC. (IMPRINT)
Place of publication, distribution, etc New Delhi
Name of publisher, distributor, etc Reference Press
Date of publication, distribution, etc 2011
270 ## - ADDRESS
Address 4831/24, Ansari Road, Daryaganj
City Delhi
Postal code 110002
300 ## - PHYSICAL DESCRIPTION
Extent vii, 197p.:
Dimensions 22cm(Hb)
Other physical details ill
500 ## - GENERAL NOTE
General note Includes bibliographical references and index
700 ## - ADDED ENTRY--PERSONAL NAME
Personal name Wolburg, Joyce M.
942 ## - ADDED ENTRY ELEMENTS (KOHA)
Source of classification or shelving scheme Dewey Decimal Classification
Item type English Books
Call number suffix HOV
Classification part 306.3
Holdings
Withdrawn status Lost status Not for loan Collection code Home library Current library Date acquired Source of acquisition Cost, normal purchase price Full call number Barcode Copy number Cost, replacement price Koha item type
    Not For Loan Non-fiction D.B.Act.Division D.B.Act.Division 09/05/2013 DBAD/PUB 700.00 306.3 HOV EN-90553 1 700.00 English Books

© Delhi Public Library
Hit Counter
free hit counter